[Event "SC Hiltrup 1 - SC Klein-Berlin Rheine 2"]
[Site "Verbandsklasse 2017/2018"]
[Date "2018.01.27"]
[Round "5.3"]
[White "van Dijk, Guido"]
[Black "Voigt, Stefan"]
[Result "1-0"]
[WhiteElo "1739"]
[BlackElo "1801"]
[PlyCount "57"]
[EventDate "2018.??.??"]
[SourceTitle "Verband Muensterland"]
[SourceDate "2017.09.30"]
[SourceVersion "1"]
[SourceVersionDate "2017.09.30"]
[SourceQuality "1"]

1. e4 c5 2. f4 d5 3. e5 Nc6 4. Nf3 Bg4 5. Bb5 e6 6. Bxc6+ bxc6 7. h3 Bxf3 8.
Qxf3 Ne7 9. O-O Nf5 10. c3 Be7 11. d3 O-O 12. g4 Nh4 13. Qf2 d4 14. c4 Rb8 15.
Nd2 Ng6 16. Ne4 Qb6 17. b3 a5 18. Ba3 Rb7 19. g5 Rfb8 20. h4 Qa7 21. h5 Nh8 22.
f5 Bf8 23. h6 a4 24. hxg7 Bxg7 25. Bxc5 Qa5 26. b4 Qd8 27. Nf6+ Bxf6 28. gxf6
exf5 29. Qh4 1-0

[Event "SC Hiltrup 1 - SC Klein-Berlin Rheine 2"]
[Site "Verbandsklasse 2017/2018"]
[Date "2018.01.27"]
[Round "5.4"]
[White "Junk, Andreas"]
[Black "Miethe, Christoph"]
[Result "0-1"]
[WhiteElo "1759"]
[BlackElo "1734"]
[PlyCount "78"]
[EventDate "2018.??.??"]
[SourceTitle "Verband Muensterland"]
[SourceDate "2017.09.30"]
[SourceVersion "1"]
[SourceVersionDate "2017.09.30"]
[SourceQuality "1"]

1. e4 e5 2. Nc3 d6 3. f4 Nf6 4. Nf3 Bg4 5. Be2 Bxf3 6. Bxf3 Nc6 7. d3 Be7 8.
O-O O-O 9. f5 Nd4 10. g4 Nd7 11. Nd5 Bg5 12. c3 Nxf3+ 13. Rxf3 c6 14. Ne3 Nf6
15. Kg2 d5 16. exd5 cxd5 17. h3 Qb6 18. Nf1 e4 19. dxe4 dxe4 20. Rf2 Rad8 21.
Qe2 Bxc1 22. Rxc1 Rfe8 23. Qe3 Qc6 24. Rd2 Nd5 25. Rxd5 Qxd5 26. Re1 Qxa2 27.
Re2 Qa6 28. Rd2 Rxd2+ 29. Nxd2 Qd3 30. Kf2 Qc2 31. Kg3 Qxb2 32. Nxe4 Rxe4 33.
Qxe4 Qxc3+ 34. Kh4 Qc6 35. Qd3 Qe8 36. Qc3 h6 37. f6 Qd8 38. Kg3 Qd6+ 39. Kg2
Qc6+ 0-1

[Event "SC Hiltrup 1 - SC Klein-Berlin Rheine 2"]
[Site "Verbandsklasse 2017/2018"]
[Date "2018.01.27"]
[Round "5.5"]
[White "Huesmann, Stephan"]
[Black "Wiltschut, Arne"]
[Result "0-1"]
[WhiteElo "1706"]
[BlackElo "1785"]
[PlyCount "48"]
[EventDate "2018.??.??"]
[SourceTitle "Verband Muensterland"]
[SourceDate "2017.09.30"]
[SourceVersion "1"]
[SourceVersionDate "2017.09.30"]
[SourceQuality "1"]

1. e4 e6 2. f4 d5 3. e5 c5 4. d4 Nc6 5. Nf3 Bd7 6. c3 Qb6 7. Qb3 Qxb3 8. axb3
cxd4 9. cxd4 Nb4 10. Na3 Rc8 11. Bd2 a6 12. g4 Nh6 13. h3 Be7 14. Be2 f6 15.
Kf2 O-O 16. exf6 gxf6 17. g5 fxg5 18. Rag1 Kh8 19. fxg5 Nf5 20. g6 Bh4+ 21. Kf1
Nc2 22. g7+ Nxg7 23. Bh6 Nf5 24. Bf4 Nfe3+ 0-1

[Event "SC Hiltrup 1 - SC Klein-Berlin Rheine 2"]
[Site "Verbandsklasse 2017/2018"]
[Date "2018.01.27"]
[Round "5.6"]
[White "Buchholz, Christian"]
[Black "Wilde, Jürgen"]
[Result "0-1"]
[WhiteElo "1606"]
[BlackElo "1634"]
[PlyCount "78"]
[EventDate "2018.??.??"]
[SourceTitle "Verband Muensterland"]
[SourceDate "2017.09.30"]
[SourceVersion "1"]
[SourceVersionDate "2017.09.30"]
[SourceQuality "1"]

1. e4 c5 2. Nf3 Nc6 3. d4 cxd4 4. Nxd4 Nf6 5. Nc3 e6 6. Nxc6 bxc6 7. Bg5 Be7 8.
Bd3 d5 9. e5 Nd7 10. Bxe7 Qxe7 11. Qe2 Qb4 12. Rb1 Qf4 13. O-O Qxe5 14. Rfe1
Qxe2 15. Rxe2 O-O 16. Rbe1 e5 17. Bf5 f6 18. b4 Nb6 19. Bxc8 Rfxc8 20. f3 a6
21. Rb1 Rab8 22. Rb3 d4 23. Ne4 Nd5 24. Nc5 Rxb4 25. Nxa6 Ra4 26. Nc5 Ra5 27.
Ne4 Rxa2 28. Kf2 Ne3 29. Nd6 Rd8 30. Nb7 Rb8 31. Nc5 Rxb3 32. cxb3 Rxe2+ 33.
Kxe2 Kf7 34. g3 Ke7 35. f4 Kd6 36. Nd3 e4 37. Nb4 c5 38. Na6 Nc2 39. Kd2 Nb4
0-1

[Event "SC Hiltrup 1 - SC Klein-Berlin Rheine 2"]
[Site "Verbandsklasse 2017/2018"]
[Date "2018.01.27"]
[Round "5.7"]
[White "Pohlmeier, Ulrich"]
[Black "Jeromin, Rudolf Gustav"]
[Result "0-1"]
[WhiteElo "1602"]
[BlackElo "1668"]
[PlyCount "68"]
[EventDate "2018.??.??"]
[SourceTitle "Verband Muensterland"]
[SourceDate "2017.09.30"]
[SourceVersion "1"]
[SourceVersionDate "2017.09.30"]
[SourceQuality "1"]

1. d4 d5 2. c4 e6 3. Nf3 Nf6 4. g3 Be7 5. Bg2 O-O 6. cxd5 exd5 7. O-O Nbd7 8.
Nc3 c6 9. Qc2 Nb6 10. b3 g6 11. Bh6 Re8 12. Rad1 Bf5 13. Qc1 Ng4 14. Bf4 Bd6
15. h3 Bxf4 16. Qxf4 Nf6 17. g4 Be6 18. Ng5 Qe7 19. Nxe6 Qxe6 20. Qg3 Rad8 21.
e3 Nc8 22. Rfe1 Nd6 23. f3 a6 24. e4 dxe4 25. fxe4 Nb5 26. d5 cxd5 27. Nxb5
Qb6+ 28. Nd4 dxe4 29. Qf2 Kf8 30. Nc2 e3 31. Qe2 Rd2 32. Qf3 e2+ 33. Qf2 Qxf2+
34. Kxf2 exd1=Q+ 0-1

[Event "SC Hiltrup 1 - SC Klein-Berlin Rheine 2"]
[Site "Verbandsklasse 2017/2018"]
[Date "2018.01.27"]
[Round "5.8"]
[White "May, Peter"]
[Black "Engfer, Klaus"]
[Result "1-0"]
[WhiteElo "1506"]
[BlackElo "1564"]
[PlyCount "51"]
[EventDate "2018.??.??"]
[SourceTitle "Verband Muensterland"]
[SourceDate "2017.09.30"]
[SourceVersion "1"]
[SourceVersionDate "2017.09.30"]
[SourceQuality "1"]

1. e4 e5 2. Bc4 Nf6 3. d3 Be7 4. Nc3 O-O 5. f4 exf4 6. Bxf4 d6 7. Qd2 Nc6 8. a3
Be6 9. Nd5 Ne5 10. Bxe5 Bxd5 11. Bxf6 Bxf6 12. Bxd5 c6 13. Ba2 Bxb2 14. Rb1
Bxa3 15. Nf3 d5 16. O-O dxe4 17. Ng5 Bc5+ 18. Kh1 e3 19. Nxf7 Rxf7 20. Bxf7+
Kh8 21. Qe2 Qe7 22. Rf3 a5 23. Rbf1 a4 24. Rh3 Qg5 25. Rh5 Qe7 26. Rxh7+ 1-0

[Event "SG Turm Raesfeld/Erle 2 - Südlohner SV "]
[Site "Verbandsklasse 2017/2018"]
[Date "2018.01.27"]
[Round "5.1"]
[White "Sparwel, Oliver"]
[Black "Pliete, Christian"]
[Result "0-1"]
[WhiteElo "1882"]
[BlackElo "1839"]
[PlyCount "44"]
[EventDate "2018.??.??"]
[SourceTitle "Verband Muensterland"]
[SourceDate "2017.09.30"]
[SourceVersion "1"]
[SourceVersionDate "2017.09.30"]
[SourceQuality "1"]

1. d4 Nf6 2. c4 c5 3. d5 e6 4. Nc3 exd5 5. cxd5 d6 6. e4 g6 7. Bd3 Bg7 8. Nge2
O-O 9. O-O a6 10. a4 Re8 11. h3 Nbd7 12. Bg5 Qc7 13. f4 c4 14. Bc2 Nc5 15. Ng3
Qb6 16. a5 Qxb2 17. Rf3 Nfxe4 18. Ngxe4 Nxe4 19. Bxe4 Bxc3 20. Rxc3 Qxc3 21.
Bf3 Bf5 22. Rc1 Qxa5 0-1

[Event "SG Turm Raesfeld/Erle 2 - Südlohner SV "]
[Site "Verbandsklasse 2017/2018"]
[Date "2018.01.27"]
[Round "5.2"]
[White "Brömmel, Chris"]
[Black "Emming, Benedikt"]
[Result "1/2-1/2"]
[WhiteElo "1775"]
[BlackElo "1799"]
[PlyCount "107"]
[EventDate "2018.??.??"]
[SourceTitle "Verband Muensterland"]
[SourceDate "2017.09.30"]
[SourceVersion "1"]
[SourceVersionDate "2017.09.30"]
[SourceQuality "1"]

1. e4 c5 2. Nf3 Nf6 3. Nc3 d6 4. Bc4 e6 5. O-O Be7 6. d4 cxd4 7. Nxd4 Nc6 8.
Be3 O-O 9. Qe2 a6 10. a4 Qc7 11. Rad1 Bd7 12. f4 Rac8 13. Ba2 Nb4 14. Bb3 d5
15. e5 Ne8 16. Qg4 g6 17. Rf3 Ng7 18. Rh3 f5 19. Qg3 Be8 20. Kh1 Kh8 21. Rh6
Bf7 22. Rh3 Nc6 23. Nce2 Na5 24. c3 Nxb3 25. Nxb3 Qc4 26. Nbd4 Qxa4 27. Rd2 Rg8
28. Nf3 Rc4 29. Ng5 Bxg5 30. Qxg5 Nh5 31. Bd4 Qd7 32. Ng3 Qd8 33. Qh6 Qf8 34.
Qg5 Qd8 35. Qh6 Qf8 36. Qg5 h6 37. Rxh5 gxh5 38. Qf6+ Kh7 39. Nf1 Rg6 40. Qh4
Rg4 41. Qf2 Rc8 42. Ne3 Rg7 43. Qh4 Qd8 44. Qh3 a5 45. Kg1 b5 46. Kf1 Be8 47.
Ke1 Rb7 48. Kf2 b4 49. Nc2 bxc3 50. Bxc3 Rb3 51. Nd4 Qb6 52. Ke1 Rcxc3 53. bxc3
Rb1+ 54. Kf2 1/2-1/2

[Event "SG Turm Raesfeld/Erle 2 - Südlohner SV "]
[Site "Verbandsklasse 2017/2018"]
[Date "2018.01.27"]
[Round "5.3"]
[White "Harbers, Gerard"]
[Black "Fasselt, Hendrik"]
[Result "1/2-1/2"]
[WhiteElo "1861"]
[BlackElo "1833"]
[PlyCount "51"]
[EventDate "2018.??.??"]
[SourceTitle "Verband Muensterland"]
[SourceDate "2017.09.30"]
[SourceVersion "1"]
[SourceVersionDate "2017.09.30"]
[SourceQuality "1"]

1. e4 e5 2. Nf3 d6 3. d4 exd4 4. Nxd4 Nf6 5. Nc3 Be7 6. Bc4 O-O 7. O-O Nxe4 8.
Nxe4 d5 9. Bd3 dxe4 10. Bxe4 Nd7 11. c3 Nf6 12. Bf3 c6 13. Bf4 Nd5 14. Be5 Bd6
15. Bxd6 Qxd6 16. c4 Nb6 17. Nxc6 Nxc4 18. Qxd6 Nxd6 19. Ne7+ Kh8 20. Rfd1 Nc4
21. b3 Ne5 22. Be4 Rb8 23. Nxc8 Rfxc8 24. Rac1 h6 25. f4 Ng6 26. Bxg6 1/2-1/2

[Event "SG Turm Raesfeld/Erle 2 - Südlohner SV "]
[Site "Verbandsklasse 2017/2018"]
[Date "2018.01.27"]
[Round "5.4"]
[White "Kadenbach, Wolfgang"]
[Black "Richters, Alfred"]
[Result "1/2-1/2"]
[WhiteElo "1726"]
[BlackElo "1873"]
[PlyCount "61"]
[EventDate "2018.??.??"]
[SourceTitle "Verband Muensterland"]
[SourceDate "2017.09.30"]
[SourceVersion "1"]
[SourceVersionDate "2017.09.30"]
[SourceQuality "1"]

1. d4 e6 2. e4 d5 3. e5 c5 4. c3 Qb6 5. Nf3 Nc6 6. Bd3 cxd4 7. cxd4 Bd7 8. Nc3
Nxd4 9. Nxd4 Qxd4 10. O-O a6 11. Qe2 Ne7 12. Kh1 Nc6 13. f4 Bc5 14. a3 Ba7 15.
Bd2 Qb6 16. b4 g6 17. Na4 Qd8 18. Bc3 Nd4 19. Qd1 Nf5 20. Bxf5 gxf5 21. Nc5
Bxc5 22. bxc5 Qh4 23. Bd4 Bc6 24. Rf3 Kd7 25. Qd2 Rag8 26. Rb1 Qd8 27. Rfb3 Qc7
28. Rb6 Rb8 29. R1b3 Rhg8 30. Rh3 Rg7 31. Rb2 1/2-1/2

[Event "SG Turm Raesfeld/Erle 2 - Südlohner SV "]
[Site "Verbandsklasse 2017/2018"]
[Date "2018.01.27"]
[Round "5.5"]
[White "Albers, Thomas"]
[Black "Tünte, Marcel"]
[Result "1/2-1/2"]
[WhiteElo "1763"]
[BlackElo "1784"]
[PlyCount "118"]
[EventDate "2018.??.??"]
[SourceTitle "Verband Muensterland"]
[SourceDate "2017.09.30"]
[SourceVersion "1"]
[SourceVersionDate "2017.09.30"]
[SourceQuality "1"]

1. d4 d5 2. Nf3 Nf6 3. Bf4 Bf5 4. e3 e6 5. Bd3 Bxd3 6. Qxd3 Nbd7 7. Nbd2 Be7 8.
O-O O-O 9. Ne5 Nxe5 10. Bxe5 Bd6 11. Nf3 Bxe5 12. Nxe5 Qd6 13. c4 c5 14. Rfd1
Rfd8 15. Rac1 h6 16. cxd5 cxd4 17. Qxd4 exd5 18. Nd3 b6 19. Rc2 Rac8 20. Rdc1
Rc4 21. Rxc4 dxc4 22. Rxc4 Qe7 23. Qc3 Nd5 24. Qe5 Qxe5 25. Nxe5 Nc3 26. g3
Nxa2 27. Ra4 Nc1 28. Rxa7 f6 29. Rd7 Rxd7 30. Nxd7 Nd3 31. Nxb6 Nxb2 32. Nd5
Kf7 33. Kg2 g6 34. Kf3 Nc4 35. Ke4 Nd6+ 36. Kd3 f5 37. f3 Ke6 38. Nf4+ Kf6 39.
Kd4 Nf7 40. Nd3 Ng5 41. Nc1 Ne6+ 42. Kd3 Nc7 43. Kc4 Ne6 44. h4 g5 45. Ne2 Ke5
46. Nc1 Kf6 47. Kd5 Nf8 48. Nd3 Ng6 49. h5 Ne7+ 50. Kd6 Nc8+ 51. Kd7 Nb6+ 52.
Ke8 Nc4 53. e4 fxe4 54. fxe4 Nd6+ 55. Kd8 Nxe4 56. g4 Ng3 57. Nf2 Nxh5 58. gxh5
g4 59. Ne4+ Kf5 1/2-1/2

[Event "SG Turm Raesfeld/Erle 2 - Südlohner SV "]
[Site "Verbandsklasse 2017/2018"]
[Date "2018.01.27"]
[Round "5.6"]
[White "Droste, Laurenz"]
[Black "Schuurmans, Han"]
[Result "1/2-1/2"]
[WhiteElo "1646"]
[BlackElo "1687"]
[PlyCount "153"]
[EventDate "2018.??.??"]
[SourceTitle "Verband Muensterland"]
[SourceDate "2017.09.30"]
[SourceVersion "1"]
[SourceVersionDate "2017.09.30"]
[SourceQuality "1"]

1. f4 Nf6 2. b3 d5 3. e3 Bf5 4. Bb2 e6 5. Nf3 h5 6. Bb5+ c6 7. Bd3 Bxd3 8. cxd3
Nbd7 9. Nc3 Bd6 10. Ne2 Qb6 11. Qc2 Qa6 12. e4 Nc5 13. e5 Nxd3+ 14. Kd1 Nxb2+
15. Qxb2 Ba3 16. Qc2 Ne4 17. Rf1 O-O-O 18. Nfd4 g6 19. d3 Nc5 20. Rf3 Nd7 21.
Rb1 Bb4 22. a4 Kb8 23. Nc3 Qb6 24. Nde2 a6 25. Na2 Be7 26. b4 Rc8 27. d4 f6 28.
Qb2 fxe5 29. fxe5 Rhf8 30. Nf4 Rce8 31. Nxe6 Rxf3 32. gxf3 Nxe5 33. a5 Qa7 34.
Qe2 Nc4 35. Nc5 Nd6 36. Qe6 Nf5 37. Nd7+ Kc7 38. Nb6 Rd8 39. Qxg6 Ne3+ 40. Ke2
Nc4 41. Qg3+ Bd6 42. Qg7+ Kb8 43. Nd7+ Kc8 44. Nc5 Qb8 45. Ne6 Re8 46. Qf7 Re7
47. Qf5 Kd7 48. Rg1 Qe8 49. Kf2 Rxe6 50. Rg7+ Kd8 51. Qg5+ Kc8 52. Rg8 Bf8 53.
Qf5 Kc7 54. Rxf8 Re2+ 55. Kg3 h4+ 56. Kf4 Qe3+ 57. Kg4 Nd6 58. Qh7+ Qe7 59.
Qxe7+ Rxe7 60. Nc3 Re3 61. Na4 Rd3 62. Rf6 Nb5 63. Nc5 Rd2 64. Rf7+ Kc8 65.
Rf8+ Kc7 66. Rf7+ Kc8 67. Rf8+ Kc7 68. Rf7+ Kd8 69. Kxh4 Rxh2+ 70. Kg3 Rb2 71.
Rxb7 Nxd4 72. Nxa6 Nb3 73. Rb6 Kd7 74. Nc5+ Nxc5 75. bxc5 Ra2 76. a6 d4 77. Kf4
1/2-1/2

[Event "SG Turm Raesfeld/Erle 2 - Südlohner SV "]
[Site "Verbandsklasse 2017/2018"]
[Date "2018.01.27"]
[Round "5.7"]
[White "Schmeing, Manfred"]
[Black "Grömping, Franz-Josef"]
[Result "0-1"]
[WhiteElo "1713"]
[BlackElo "1645"]
[PlyCount "47"]
[EventDate "2018.??.??"]
[SourceTitle "Verband Muensterland"]
[SourceDate "2017.09.30"]
[SourceVersion "1"]
[SourceVersionDate "2017.09.30"]
[SourceQuality "1"]

1. e4 e6 2. d4 d5 3. e5 c5 4. c3 Nc6 5. f4 Qb6 6. Nf3 cxd4 7. cxd4 Nge7 8. Nc3
Nf5 9. Bb5 Bd7 10. Bxc6 bxc6 11. O-O c5 12. Na4 Qb4 13. Nxc5 Bxc5 14. dxc5
Qxc5+ 15. Kh1 O-O 16. Qd2 Rfc8 17. Rf2 Rc7 18. g4 Ne7 19. Nd4 Nc6 20. Nxc6 Bxc6
21. h3 d4+ 22. Kh2 Qd5 23. b3 Bb7 24. Qd3 0-1

[Event "SG Turm Raesfeld/Erle 2 - Südlohner SV "]
[Site "Verbandsklasse 2017/2018"]
[Date "2018.01.27"]
[Round "5.8"]
[White "Hoffmann, Fabian"]
[Black "Musholt, Joachim"]
[Result "1/2-1/2"]
[WhiteElo "1811"]
[BlackElo "1767"]
[PlyCount "51"]
[EventDate "2018.??.??"]
[SourceTitle "Verband Muensterland"]
[SourceDate "2017.09.30"]
[SourceVersion "1"]
[SourceVersionDate "2017.09.30"]
[SourceQuality "1"]

1. e4 c5 2. Nf3 d6 3. d4 cxd4 4. Nxd4 Nf6 5. Nc3 a6 6. Be2 e5 7. Nb3 Be6 8. Be3
Be7 9. O-O O-O 10. f3 b5 11. a3 Qc7 12. Qe1 Nbd7 13. Qf2 d5 14. exd5 Nxd5 15.
Nxd5 Bxd5 16. Rfd1 Be6 17. Bd3 f5 18. Qe2 Nc5 19. Nxc5 Bxc5 20. Bxc5 Qxc5+ 21.
Kh1 Rae8 22. Rac1 Bc8 23. c4 b4 24. axb4 Qxb4 25. c5 e4 26. fxe4 1/2-1/2